Statistics for Orchestra Instruments by Picture

Click here to take the quiz!

General Stats

  • This quiz has been taken 336 times
  • The average score is 13 of 14

Answer Stats

HintAnswer% Correct
Harp
98%
Trumpet
98%
French Horn
97%
Trombone
97%
Violin
97%
Cello
95%
Clarinet
93%
Flute
93%
Tuba
93%
Oboe
86%
Bassoon
81%
Snare Drum
80%
Bass Drum
77%
Kettle Drums
65%

Score Distribution

Percentile by Number Answered

Percent of People with Each Score

Your Score History

You have not taken this quiz